| 000 | 01428nam0a2200337 4500 | ||
|---|---|---|---|
| 001 | RU\NLR\BIBL_A\022442871 | ||
| 005 | 20250430133028.0 | ||
| 010 |
_a978-5-9222-1747-7 _9500 |
||
| 021 |
_aRU _bКН-П-24-078294 _9КН-П-24-7823 |
||
| 035 | _a(NLR Aleph) 022442871 | ||
| 090 |
_a13353569 _c13353569 |
||
| 100 | _a20250203d2023 u y0rusy50 ca | ||
| 101 | 0 |
_arus _aund |
|
| 102 | _aRU | ||
| 105 | _aa eg 000yy | ||
| 181 | 0 |
_ai3 _baxxe |
|
| 182 | 0 | _an | |
| 200 | 1 |
_aСловник личных имен жителей бухарских волостей Тобольской губернии XIX - начала XX века _e[сост.: Г. Ч. Файзуллина и др.] |
|
| 203 |
_aТекст _bвизуальный _cнепосредственный |
||
| 210 |
_aКазань _cОтечество _d2023 |
||
| 215 |
_a59, [1] с. _cтабл. _d21 |
||
| 606 | 1 |
_aТатарский язык _xСловари собственных имен _xРусский язык _2nlr_sh2 _3RU\NLR\AUTH\661474507 |
|
| 606 | 1 |
_aТатарский язык _xИсторическая антропонимика _jСловари _2nlr_sh2 _3RU\NLR\AUTH\6601617551 |
|
| 686 | 1 | _aШ163.23-424 | |
| 686 | 1 | _aШ141.12-424 | |
| 702 | 1 |
_aФайзуллина _bГ. Ч. _gГузель Чахваровна _4220 |
|
| 942 | _cBOOK | ||
| 980 | _aNB | ||